Municipalities in Maresme - Statistics

General Stats
  • This quiz has been taken 5 times
  • The average score is 19 of 30
Answer Stats
Answer % Correct
Cabrera de Mar
100%
Mataró
100%
Montgat
100%
Premià de Dalt
100%
Premià de Mar
100%
Vilassar de Dalt
100%
Vilassar de Mar
100%
Arenys de Mar
75%
Arenys de Munt
75%
Sant Andreu de Llavaneres
75%
Sant Pol de Mar
75%
Alella
50%
Argentona
50%
Caldes d'Estrach
50%
Calella
50%
Canet de Mar
50%
El Masnou
50%
Malgrat de Mar
50%
Palafolls
50%
Pineda de Mar
50%
Santa Susanna
50%
Sant Cebrià de Vallalta
50%
Sant Iscle de Vallalta
50%
Sant Vicenç de Montalt
50%
Teià
50%
Tiana
50%
Tordera
50%
Cabrils
25%
Dosrius
25%
Òrrius
25%
No matching quizzes found
Score Distribution
Percent of People with Each Score
Percentile by Number Answered
Your Score History
You have not taken this quiz